一画の漢字 - Statistics

General Stats
  • This quiz has been taken 20 times
  • The average score is 6 of 23
Answer Stats
コードポイント 漢字 主な意味 % Correct
U+4E00 ひとつ、最初の、ある
100%
U+4E59 きのと、二番の
100%
U+4E3F 丿 左払いの筆画
47%
U+4E28 進む、退く
41%
U+4E36 「主」の古字
41%
U+4E5A 「乙」の同字、「毫」の俗字
41%
U+4E85 かぎ
41%
U+4E40 右払いの筆画、流れる、移る
24%
U+4E41 「及」の古字
18%
U+4E5B 「乙」の同字
12%
U+200C9 𠃉 「乙」の同字、「鳦」の同字
12%
U+200CA 𠃊 「隠」の古字
12%
U+200CB 𠃋 「厷」の古字
12%
U+200CC 𠃌 鉤の切先が逆であること
12%
U+200CD 𠃍 「事」の略字
12%
U+200CE 𠃎 玄鶴琴の演奏法の一つ
12%
U+200D1 𠃑 「隠」の古字の篆書
12%
U+2010C 𠄌 標識に用いられた符号
12%
U+2010E 𠄎 「乃」の古字、ヤード・ポンド法の「ドラム」
12%
U+21FE8 𡿨 田畑の間を流れる細い水路
12%
U+2A6D9 𪛙 工尺譜において一よりも1オクターブ低い音
12%
U+2CF02 𬼂 「也」の草体
12%
U+2F802 乁 移動する、「及」の古字
12%
No matching quizzes found
Score Distribution
Percent of People with Each Score
Percentile by Number Answered
Your Score History
You have not taken this quiz